Proposal for optional control of rubber nurseries in India (Record no. 49872)
[ view plain ]
| 000 -LEADER | |
|---|---|
| fixed length control field | 00369nam a2200121Ia 4500 |
| 100 ## - MAIN ENTRY--AUTHOR NAME | |
| Personal name | George K.T |
| 245 #0 - TITLE STATEMENT | |
| Title | Proposal for optional control of rubber nurseries in India |
| 260 ## - PUBLICATION, DISTRIBUTION, ETC. (IMPRINT) | |
| Name of publisher | Rubber Research Institute of India, Kottayam, India, 17p. |
| 650 ## - SUBJECT ADDED ENTRY--TOPICAL TERM | |
| Topical Term | Optional control |
| 650 ## - SUBJECT ADDED ENTRY--TOPICAL TERM | |
| Topical Term | Rubber nurseries |
| 942 ## - ADDED ENTRY ELEMENTS (KOHA) | |
| Koha item type | Bibliography STAF |
| Withdrawn status | Lost status | Damaged status | Not for loan | Home library | Current library | Shelving location | Date acquired | Koha item type |
|---|---|---|---|---|---|---|---|---|
| Bibliography | RRII Library | RRII Library | Economics | 09/04/2014 | Bibliography STAF |